000 01083nam a2200289 i 4500
001 179820
003 ES-MaACL
005 20251001144408.0
008 120127s2010 sp abcf |||| |cspa d
020 _a978-84-414-2642-9
080 _a355.353(460)"15"
080 _a355.49(460)"1556/98"
100 1 _aCanales Torres, Carlos.
_9151605
245 1 4 _aLas reglas del viento
_b: cara y cruz de la Armada Española en el siglo XVI /
_cCarlos Canales Torres, Miguel del Rey Vicente.
250 _a1ª ed.
260 _aMadrid :
_bEdaf,
_c2010.
300 _a325 p., [12] p. de lám. col. :
_bil. col., retr., mapas ;
_c24 cm.
490 1 _aClío crónicas de la historia
504 _aBibliografía: p. [324]-325.
650 7 _aMarina de guerra-
_zEspaña-
_yS.XVI.
_914784
651 7 _aEspaña-
_xHistoria naval-
_y1516-1700.
_9158587
700 1 _aRey Vicente, Miguel del,
_d1962-
_9164802
830 1 _aClío crónicas de la historia
_9179748
852 _aES-MaACL
_jA-11933
_9186720
_bR.146838
_cDEPO1
_dOlim: N-4938
942 _2udc
_cMONOGRAFIA
999 _c179820
_d179820